| 000 | 00626nam a2200181 4500 | ||
|---|---|---|---|
| 001 | 133367 | ||
| 003 | ES-MaACL | ||
| 005 | 20230906194404.0 | ||
| 007 | t| | ||
| 008 | 070214s1960 sp r ||||1| spa d | ||
| 100 | 1 |
_aRudolf, Franz. _9100496 |
|
| 245 | 1 | 0 |
_aCompendio de Electrotecnia práctica / _cIng. Franz Rudolf ; traducción... por Antonio Sala Casals ; revisada por Francisco Planell. |
| 260 |
_aBarcelona [etc.] : _bLabor, _c1960. |
||
| 300 |
_aXIII, 293 p., 12 lám. : _bil. ; _c22 cm. |
||
| 700 | 1 |
_aSala Casals, Antonio. _9101658 |
|
| 700 | 1 |
_aPlanell, Francisco. _992544 |
|
| 852 |
_aES-MaACL _jC-19207 _bR.46812 |
||
| 999 |
_c133367 _d133367 |
||